Определение массы сжиженных углеводородных газов при приеме, хранении и отпуске потребителям: учебное пособие

Detalles Bibliográficos
Autor Principal: Зоря Е. И. Евгений Иванович
Outros autores: Яковлев А. Л. Александр Леонидович, Ларионов С. В. Сергей Владимирович
Summary:Дано современное представление о состоянии измерений и учета характеристик сжиженных углеводородных газов на автогазозаправочных станциях. Подробно рассматриваются методы расчета основных параметров сжиженных углеводородных газов для целей учета. Изложены основные .положения по оценки достоверности процедур измерений и учета сжиженных углеводородных газов Представлены алгоритмы измерения массы сжиженных углеводородных газов при приеме из автомобильных цистерн в резервуары, определения количества сжиженных углеводородных газов в резервуарах автомобильных газозаправочных станций и выполнения измерений массы сжиженных углеводородных газов при отпуске через газораздаточные колонки. Рассмотрены процедуры обработки и оформления результатов измерений параметров газа при операциях с ними на хозяйствующих объектах топливообеспечения. Приводится порядок учета потребления сжиженного углеводородного газа населением при отсутствии приборов учета газа. Пособие предназначено для магистрантов нефтегазовых вузов, обучающихся по направлению «Нефтегазовое дело» и специалистов нефтяной и газовой промышленности.
Idioma:ruso
Publicado: Москва, Недра, 2012
Subjects:
Formato: Libro
KOHA link:https://koha.lib.tpu.ru/cgi-bin/koha/opac-detail.pl?biblionumber=228298

MARC

LEADER 00000nam0a2200000 4500
001 228298
005 20231101230850.0
010 |a 9785836504045 
035 |a (RuTPU)RU\TPU\book\248757 
090 |a 228298 
100 |a 20121218d2012 m y0rusy50 ca 
101 0 |a rus 
102 |a RU 
105 |a a j 001zy 
200 1 |a Определение массы сжиженных углеводородных газов при приеме, хранении и отпуске потребителям  |e учебное пособие  |f Е. И. Зоря, А. Л. Яковлев, С. В. Ларионов 
210 |a Москва  |c Недра  |d 2012 
215 |a 198 с.  |c ил. 
320 |a Библиогр.: с. 196-197. 
330 |a Дано современное представление о состоянии измерений и учета характеристик сжиженных углеводородных газов на автогазозаправочных станциях. Подробно рассматриваются методы расчета основных параметров сжиженных углеводородных газов для целей учета. Изложены основные .положения по оценки достоверности процедур измерений и учета сжиженных углеводородных газов Представлены алгоритмы измерения массы сжиженных углеводородных газов при приеме из автомобильных цистерн в резервуары, определения количества сжиженных углеводородных газов в резервуарах автомобильных газозаправочных станций и выполнения измерений массы сжиженных углеводородных газов при отпуске через газораздаточные колонки. Рассмотрены процедуры обработки и оформления результатов измерений параметров газа при операциях с ними на хозяйствующих объектах топливообеспечения. Приводится порядок учета потребления сжиженного углеводородного газа населением при отсутствии приборов учета газа. Пособие предназначено для магистрантов нефтегазовых вузов, обучающихся по направлению «Нефтегазовое дело» и специалистов нефтяной и газовой промышленности. 
606 1 |a Углеводородные газы,сжиженные  |2 stltpush  |3 (RuTPU)RU\TPU\subj\34305  |9 56286 
610 1 |a характеристика 
610 1 |a измерение 
610 1 |a учет 
610 1 |a резервуары 
610 1 |a автомобильные цистерны 
610 1 |a прием 
610 1 |a масса 
610 1 |a определение 
610 1 |a количество 
610 1 |a газозаправочные станции 
610 1 |a газораздаточные колонки 
610 1 |a отпуск 
610 1 |a измерительные системы 
610 1 |a потребители 
610 1 |a автономное газоснабжение 
610 1 |a АЗС 
610 1 |a автозаправочные станции 
610 1 |a технологические потери 
610 1 |a расчет 
610 1 |a погрешности 
610 1 |a учебные пособия 
675 |a 665.725(075.8)  |v 3 
700 1 |a Зоря  |b Е. И.  |g Евгений Иванович 
701 1 |a Яковлев  |b А. Л.  |g Александр Леонидович 
701 1 |a Ларионов  |b С. В.  |g Сергей Владимирович 
801 1 |a RU  |b 63413507  |c 20121218 
801 2 |a RU  |b 63413507  |c 20141220  |g RCR 
942 |c BK 
951 |b 131000  |l 8.3 
959 |a 142/20121101  |d 5  |e 660,00  |f ЧЗТЛ:1  |f АНЛ:1  |f УФ:3 
959 |a 123/20130911  |d 1  |e 660,00  |f ЧЗТЛ:1